[Event "Belgrade-chT Premier"]
[Site "Belgrade"]
[Date "2023.10.05"]
[Round "9.6"]
[White "Tomasevic, Sasa"]
[Black "Knezevic, Mladen Z"]
[Result "1/2-1/2"]
[WhiteElo "2153"]
[BlackElo "2096"]
[PlyCount "62"]
[EventDate "2023.09.29"]
[EventType "team-tourn"]
[EventRounds "11"]
[EventCountry "SRB"]
[SourceTitle "CBM 216 Extra"]
[Source "ChessBase"]
[SourceDate "2023.11.30"]
[SourceVersion "1"]
[SourceVersionDate "2023.11.30"]
[SourceQuality "1"]
[WhiteTeam "Belgrade Itaka"]
[BlackTeam "Belgrade Mirijevo"]
[WhiteTeamCountry "SRB"]
[BlackTeamCountry "SRB"]

1. c4 Nf6 2. Nc3 e6 3. e4 d5 4. e5 d4 5. exf6 dxc3 6. bxc3 Qxf6 7. d4 c5 8. Nf3 cxd4 9. cxd4 Bb4+ 10. Bd2 Bxd2+ 11. Qxd2 0-0 12. Be2 Nd7 13. 0-0 e5 14. d5 Qd6 15. Rab1 Nc5 16. Qe3 f6 17. Nd2 Bf5 18. Rbc1 Rac8 19. Qa3 b6 20. Nb3 Rf7 21. Rfd1 Rfc7 22. Nxc5 Qxc5 23. Rc3 Kf7 24. Qxc5 Rxc5 25. Ra3 R8c7 26. f3 Rd7 27. Kf2 Ke7 28. Ke3 Kd6 29. Rd2 Re7 30. g3 Bc8 31. Rb2 f5 1/2-1/2

[Event "Belgrade-chT Premier"]
[Site "Belgrade"]
[Date "2023.09.30"]
[Round "2.5"]
[White "Tomasevic, Sasa"]
[Black "Gvozdenovic, Milos"]
[Result "1/2-1/2"]
[WhiteElo "2153"]
[BlackElo "2008"]
[PlyCount "109"]
[EventDate "2023.09.29"]
[EventType "team-tourn"]
[EventRounds "11"]
[EventCountry "SRB"]
[SourceTitle "CBM 216 Extra"]
[Source "ChessBase"]
[SourceDate "2023.11.30"]
[SourceVersion "1"]
[SourceVersionDate "2023.11.30"]
[SourceQuality "1"]
[WhiteTeam "Belgrade Itaka"]
[BlackTeam "Belgrade Partizan"]
[WhiteTeamCountry "SRB"]
[BlackTeamCountry "SRB"]

1. c4 c5 2. Nc3 g6 3. g3 Bg7 4. Bg2 Nc6 5. e4 Nf6 6. Nge2 0-0 7. 0-0 d6 8. h3 a6 9. a3 Rb8 10. Rb1 b5 11. cxb5 axb5 12. b4 Be6 13. d3 cxb4 14. axb4 Ne8 15. Be3 Nc7 16. Nd5 Na6 17. Qd2 Bd7 18. d4 e6 19. Ndf4 Nc7 20. Nd3 f5 21. Rfc1 fxe4 22. Bxe4 d5 23. Bg2 Rc8 24. Nc5 Kh8 25. Bf4 e5 26. Bg5 Qe8 27. Nb7 Qe6 28. dxe5 Bxe5 29. Nf4 Bxf4 30. Bxf4 Ne8 31. Nc5 Qf5 32. Nxd7 Qxd7 33. Bxd5 Ne7 34. Rxc8 Nxc8 35. Re1 Nf6 36. Be5 Nb6 37. Rd1 Qxh3 38. Bxf6+ Rxf6 39. Bg2 Qf5 40. Qd8+ Kg7 41. Qc7+ Kh6 42. Qc5 Na4 43. Qe3+ Kg7 44. Rc1 Rf7 45. Kh2 h6 46. Qd4+ Kh7 47. f4 h5 48. Bh3 Qf6 49. Qxf6 Rxf6 50. Bd7 Rb6 51. Rc2 Kh6 52. Kg2 Rb7 53. Be8 Rb8 54. Bd7 Rb7 55. Be8 1/2-1/2

[Event "Belgrade-chT Premier"]
[Site "Belgrade"]
[Date "2023.09.29"]
[Round "1.5"]
[White "Stankovic, Boris"]
[Black "Tomasevic, Sasa"]
[Result "1-0"]
[WhiteElo "2264"]
[BlackElo "2153"]
[PlyCount "59"]
[EventDate "2023.09.29"]
[EventType "team-tourn"]
[EventRounds "11"]
[EventCountry "SRB"]
[SourceTitle "CBM 216 Extra"]
[Source "ChessBase"]
[SourceDate "2023.11.30"]
[SourceVersion "1"]
[SourceVersionDate "2023.11.30"]
[SourceQuality "1"]
[WhiteTeam "Belgrade Turbina"]
[BlackTeam "Belgrade Itaka"]
[WhiteTeamCountry "SRB"]
[BlackTeamCountry "SRB"]

1. e4 e6 2. d4 d5 3. Nd2 dxe4 4. Nxe4 Bd7 5. Nf3 Bc6 6. Bd3 Nd7 7. 0-0 Ngf6 8. Neg5 Bxf3 9. Qxf3 c6 10. Re1 Be7 11. Qh3 Nf8 12. c3 h6 13. Nf3 Qc7 14. a4 0-0-0 15. b4 N8d7 16. b5 g5 17. bxc6 Qxc6 18. Bb5 Qc7 19. Bxd7+ Nxd7 20. c4 Bf6 21. Be3 Kb8 22. a5 Rhg8 23. Nd2 h5 24. a6 g4 25. Qxh5 Rh8 26. Qxg4 Qxh2+ 27. Kf1 e5 28. Qf3 Qh1+ 29. Ke2 Qh5 30. g4 1-0

[Event "Belgrade-chT Quality"]
[Site "Belgrade"]
[Date "2022.10.07"]
[Round "6.6"]
[White "Tomasevic, Sasa"]
[Black "Koscal, Arsenije"]
[Result "1-0"]
[WhiteElo "2170"]
[BlackElo "1813"]
[PlyCount "63"]
[EventDate "2022.10.01"]
[EventType "team-tourn"]
[EventRounds "11"]
[EventCountry "SRB"]
[SourceTitle "CBM 210 Extra"]
[Source "ChessBase"]
[SourceDate "2022.11.30"]
[SourceVersion "1"]
[SourceVersionDate "2022.11.30"]
[SourceQuality "1"]
[WhiteTeam "Belgrade Itaka"]
[BlackTeam "Belgrade Belgrade"]
[WhiteTeamCountry "SRB"]
[BlackTeamCountry "SRB"]

1. c4 Nf6 2. Nc3 g6 3. g3 Bg7 4. Bg2 0-0 5. Nf3 d6 6. 0-0 Nc6 7. h3 e5 8. d3 h6 9. e4 Nh5 10. Be3 Nd4 11. Bxd4 exd4 12. Ne2 c5 13. Kh2 Qd7 14. Nfg1 a6 15. f4 Rb8 16. Rb1 b5 17. b3 Bb7 18. g4 Nf6 19. Ng3 Rbe8 20. Qd2 Nh7 21. Nf3 Qc7 22. Rbe1 Bc8 23. Re2 f5 24. exf5 Rxe2 25. Qxe2 gxf5 26. Nh4 fxg4 27. Bd5+ Rf7 28. Qe8+ Nf8 29. Bxf7+ Qxf7 30. Qxc8 Bf6 31. Qxg4+ Kh8 32. Nhf5 1-0

[Event "Belgrade-chT"]
[Site "Belgrade"]
[Date "2015.09.26"]
[Round "5.5"]
[White "Perovic, Zivojin"]
[Black "Tomasevic, Sasa"]
[Result "1/2-1/2"]
[WhiteElo "2039"]
[BlackElo "2174"]
[PlyCount "54"]
[EventDate "2015.09.21"]
[EventType "team-tourn"]
[EventRounds "9"]
[EventCountry "SRB"]
[SourceTitle "CBM 168 Extra"]
[Source "ChessBase"]
[SourceDate "2015.10.29"]
[SourceVersion "1"]
[SourceVersionDate "2015.10.29"]
[SourceQuality "1"]
[WhiteTeam "Belgrade"]
[BlackTeam "Itaka"]
[WhiteTeamCountry "SRB"]
[BlackTeamCountry "SRB"]

1. e4 e6 2. d3 d5 3. Nd2 c5 4. Ngf3 Nc6 5. g3 Nf6 6. Bg2 Be7 7. 0-0 0-0 8. Re1 dxe4 9. dxe4 e5 10. c3 Bg4 11. Qe2 Qc7 12. h3 Be6 13. Nc4 Rad8 14. Bg5 Rd7 15. Bxf6 Bxf6 16. Ne3 Ne7 17. c4 Nc6 18. Nd5 Bxd5 19. exd5 Nd4 20. Nxd4 exd4 21. Qd3 Re7 22. Rxe7 Qxe7 23. Bf3 Re8 24. Kg2 b6 25. Rc1 Qd6 26. b3 g6 27. Rb1 Kg7 1/2-1/2

[Event "JUG-ch2 email"]
[Site "Yugoslavia"]
[Date "1999.??.??"]
[Round "?"]
[White "Tomasevic, Sasa"]
[Black "Brkic, Zoran"]
[Result "0-1"]
[WhiteElo "2150"]
[BlackElo "2523"]
[PlyCount "52"]
[EventDate "1999.09.02"]
[EventType "tourn (corr)"]
[EventRounds "18"]
[EventCountry "YUG"]
[SourceTitle "Corr 2002"]
[Source "ChessBase"]
[SourceDate "2002.05.23"]
[SourceVersion "1"]
[SourceVersionDate "2002.05.23"]
[SourceQuality "1"]

1. c4 Nf6 2. g3 g6 3. Bg2 Bg7 4. Nc3 e5 5. e4 d6 6. Nge2 0-0 7. 0-0 c6 8. d3 a6 9. h3 Nbd7 10. Be3 b5 11. b3 Nb6 12. Qd2 d5 13. exd5 cxd5 14. c5 d4 15. cxb6 Rb8 16. f4 dxe3 17. Qxe3 exf4 18. Qxf4 Rxb6 19. Rad1 Re8 20. b4 Rbe6 21. Nd4 Nh5 22. Qxf7+ Kh8 23. Nc6 Qb6+ 24. d4 Nxg3 25. Rf2 Nf5 26. Ne5 Nxd4 0-1

[Event "JUG-ch2 email"]
[Site "Yugoslavia"]
[Date "1999.??.??"]
[Round "?"]
[White "Tomasevic, Sasa"]
[Black "Kerekes, Jozef"]
[Result "1-0"]
[WhiteElo "2150"]
[BlackElo "2360"]
[PlyCount "47"]
[EventDate "1999.09.02"]
[EventType "tourn (corr)"]
[EventRounds "18"]
[EventCountry "YUG"]
[SourceTitle "Corr 2002"]
[Source "ChessBase"]
[SourceDate "2002.05.23"]
[SourceVersion "1"]
[SourceVersionDate "2002.05.23"]
[SourceQuality "1"]

1. d4 Nf6 2. c4 e6 3. g3 c5 4. d5 b5 5. dxe6 fxe6 6. Bg2 d5 7. cxd5 Bb7 8. e4 exd5 9. e5 Ne4 10. f3 Ng5 11. f4 Ne6 12. Nh3 Be7 13. Qg4 Qd7 14. f5 Nd4 15. 0-0 Rf8 16. e6 Qc7 17. Qh5+ Kd8 18. Nc3 Qe5 19. Bg5 Bxg5 20. Nxg5 Rxf5 21. Rxf5 Qxf5 22. Nxd5 Bxd5 23. Bxd5 Nbc6 24. Bxc6 1-0

[Event "JUG-ch2 email"]
[Site "Yugoslavia"]
[Date "1999.??.??"]
[Round "?"]
[White "Tomasevic, Sasa"]
[Black "Matic, Radovan"]
[Result "1/2-1/2"]
[WhiteElo "2150"]
[BlackElo "2394"]
[PlyCount "47"]
[EventDate "1999.09.02"]
[EventType "tourn (corr)"]
[EventRounds "18"]
[EventCountry "YUG"]
[SourceTitle "Corr 2002"]
[Source "ChessBase"]
[SourceDate "2002.05.23"]
[SourceVersion "1"]
[SourceVersionDate "2002.05.23"]
[SourceQuality "1"]

1. d4 Nf6 2. c4 e6 3. Nc3 d5 4. Bg5 Be7 5. e3 0-0 6. Nf3 h6 7. Bh4 Ne4 8. Bxe7 Qxe7 9. cxd5 Nxc3 10. bxc3 exd5 11. Qb3 Rd8 12. c4 dxc4 13. Bxc4 Nc6 14. Be2 Qb4+ 15. Qxb4 Nxb4 16. Rc1 c6 17. a3 Nd5 18. 0-0 Nb6 19. Rc5 Be6 20. Rb1 Rd5 21. h3 Rb8 22. Rc3 Bf5 23. Rb4 Ra5 24. Rc5 1/2-1/2

[Event "JUG-ch2 email"]
[Site "Yugoslavia"]
[Date "1999.??.??"]
[Round "?"]
[White "Tomasevic, Sasa"]
[Black "Savic, Dragoljub"]
[Result "1/2-1/2"]
[WhiteElo "2150"]
[BlackElo "2200"]
[PlyCount "45"]
[EventDate "1999.09.02"]
[EventType "tourn (corr)"]
[EventRounds "18"]
[EventCountry "YUG"]
[SourceTitle "Corr 2002"]
[Source "ChessBase"]
[SourceDate "2002.05.23"]
[SourceVersion "1"]
[SourceVersionDate "2002.05.23"]
[SourceQuality "1"]

1. d4 Nf6 2. c4 g6 3. Nc3 d5 4. cxd5 Nxd5 5. e4 Nxc3 6. bxc3 Bg7 7. Bc4 0-0 8. Ne2 c5 9. 0-0 Nc6 10. Be3 Qc7 11. Rc1 Rd8 12. Bf4 Qd7 13. d5 Na5 14. Bd3 e5 15. Bg5 f6 16. Be3 c4 17. Bc2 b6 18. f4 Nb7 19. Qd2 Nd6 20. Ng3 Ba6 21. f5 Rf8 22. Qe2 Rad8 23. Rcd1 1/2-1/2

[Event "JUG-ch2 email"]
[Site "Yugoslavia"]
[Date "1999.??.??"]
[Round "?"]
[White "Tomasevic, Sasa"]
[Black "Simic, Dragan"]
[Result "1-0"]
[WhiteElo "2150"]
[BlackElo "2450"]
[PlyCount "51"]
[EventDate "1999.09.02"]
[EventType "tourn (corr)"]
[EventRounds "18"]
[EventCountry "YUG"]
[SourceTitle "Corr 2002"]
[Source "ChessBase"]
[SourceDate "2002.05.23"]
[SourceVersion "1"]
[SourceVersionDate "2002.05.23"]
[SourceQuality "1"]

1. d4 Nf6 2. c4 e5 3. dxe5 Ng4 4. e4 Nxe5 5. f4 Nec6 6. Be3 Bb4+ 7. Nd2 Qe7 8. a3 Qxe4 9. Kf2 Bxd2 10. Qxd2 0-0 11. Nf3 d6 12. Re1 Qg6 13. Bd3 Qf6 14. Qc2 h6 15. h3 Nd7 16. g4 Nc5 17. Bh7+ Kh8 18. g5 Qd8 19. gxh6 gxh6 20. Bd2 f5 21. Bg6 Ne4+ 22. Rxe4 fxe4 23. Bc3+ Rf6 24. Bxe4 Ne5 25. fxe5 dxe5 26. Bxe5 1-0